| 000 | 00956nam a2200301Ia 4500 | ||
|---|---|---|---|
| 003 | OSt | ||
| 005 | 20221007124959.0 | ||
| 006 | a|||||r|||| 00| 0 | ||
| 007 | ta | ||
| 008 | 221006b |||||||| |||| 00| 0 eng d | ||
| 020 | _a9783662600207 (pbk) | ||
| 024 | _a201051 | ||
| 037 |
_b264, 22/01/2020, Indu book Services _cTextual |
||
| 040 |
_aCDL _cCDL _beng |
||
| 041 |
_2eng _aeng |
||
| 082 | _aE:26, M2 Carc | ||
| 100 |
_aRickert Hans _9721191 |
||
| 245 | 0 | _aElectrochemistry of solids: An introduction | |
| 260 |
_aNew _bYork Springer-Verlag _c1982 |
||
| 300 |
_axii, 240p. ill. _ccm. |
||
| 490 | _vVol.7 Inorganic chemistry concepts | ||
| 500 | _aAuthor index 235p.; Subject index 327-240p. | ||
| 650 | _a Electrochemistry | ||
| 650 |
_a Solid state chemistry _9717440 |
||
| 650 | _aChemistry | ||
| 942 |
_hE:26, M2 Carc _cTEXL _2CC |
||
| 999 |
_c1214456 _d1214456 |
||